Paesi nominati nella pagina Wikipedia del Messico - Statistics

Statistiche generali
  • Questo quiz è stato fatto 25 volte
  • Il punteggio medio è 18 su 21
Statistiche sulle risposte
Volte in cui viene nominato Indizio (basato sul motivo per cui lo stato viene nominato nella pagina Wikipedia) Paese % Corretto
1 Paese confinante Belize
100%
3 Il Messico è il secondo paese cattolico per popolazione, dopo questo paese Brasile
100%
7 Paese da cui il Messico ha ottenuto l'indipendenza Spagna
100%
23 Paese confinante Stati Uniti
100%
1 Secondo alcune stime, nel 2050 il Messico avrà la quinta economia globale. Prima sarà quella di questo paese Cina
95%
2 Assieme al Messico, è uno dei quattro paesi latinoamericani membri dell'OCSE Colombia
95%
2 Paese che invase il Messico nel 1862 Francia
95%
1 Secondo alcune stime, nel 2050 il Messico avrà la quinta economia globale. terza sarà quella di questo paese India
95%
1 Paese che inviò una squadra navale nelle acque messicane nel 1861 Regno Unito
95%
1 Paese d'origine di numerosi immigrati residenti in Messico Argentina
89%
4 Il Messico è il secondo paese delle Americhe per kilometri di costa, dopo questo paese Canada
89%
1 Assieme al Messico, è uno dei quattro paesi latinoamericani membri dell'OCSE Cile
89%
1 Paese col quale il Messico ha stretto importanti accordi commerciali Giappone
89%
3 Paese confinante Guatemala
89%
2 Assieme al Messico, è uno dei quattro paesi latinoamericani membri dell'OCSE Costa Rica
84%
1 Paese d'origine di numerosi immigrati residenti in Messico Cuba
84%
1 Paese d'origine di numerosi immigrati residenti in Messico Perù
84%
1 Le regioni più sviluppate del Messico hanno un ISU simile a quello di questo paese Germania
74%
1 Le regioni più sviluppate del Messico hanno un ISU simile a quello di questo paese Nuova Zelanda
58%
1 Paese col quale il Messico ha stretto importanti accordi commerciali Israele
32%
1 Le regioni meno sviluppate del Messico hanno un ISU simile a quello di questo paese Siria
21%
Nessun quiz corrispondente trovato
Distribuzione punteggi
Percentuale di utenti per punteggio
Percentile per numero di risposta
I tuoi punteggi nel tempo
Non hai fatto questo quiz